Pantun : (Record no. 123517)

MARC details
000 -LEADER
fixed length control field 00714nam a2200241 i 4500
001 - CONTROL NUMBER
control field C2-0323433
003 - CONTROL NUMBER IDENTIFIER
control field PPAK
005 - DATE AND TIME OF LATEST TRANSACTION
control field 20180728122029.0
008 - FIXED-LENGTH DATA ELEMENTS--GENERAL INFORMATION
fixed length control field 131027s2013 my |||| ||||| | may d
020 ## - INTERNATIONAL STANDARD BOOK NUMBER
International Standard Book Number 9789674300425
040 ## - CATALOGING SOURCE
Original cataloging agency PPAK
Language of cataloging eng
Transcribing agency PPAK
Description conventions rda
082 04 - DEWEY DECIMAL CLASSIFICATION NUMBER
Classification number 899.231
Edition number 23
090 00 - LOCALLY ASSIGNED LC-TYPE CALL NUMBER (OCLC); LOCAL CALL NUMBER (RLIN)
Classification number (OCLC) (R) ; Classification number, CALL (RLIN) (NR) 899.231
Feature heading SIT
Feature heading G
100 0# - MAIN ENTRY--PERSONAL NAME
Personal name Siti Zaleha M. Hashim,
Relator term author
245 10 - TITLE STATEMENT
Title Pantun :
Remainder of title gemerlap permata silam
264 #1 - PRODUCTION, PUBLICATION, DISTRIBUTION, MANUFACTURE, AND COPYRIGHT NOTICE
Place of production, publication, distribution, manufacture Wangsa Maju, Kuala Lumpur :
Name of producer, publisher, distributor, manufacturer Institut Terjemahan & Buku Malaysia Berhad ,
Date of production, publication, distribution, manufacture, or copyright notice 2013
300 ## - PHYSICAL DESCRIPTION
Extent viii, 185 pages ;
Dimensions 23 cm.
336 ## - CONTENT TYPE
Source rdacontent
Content type term text
337 ## - MEDIA TYPE
Source rdamedia
Media type term unmediated
338 ## - CARRIER TYPE
Source rdacarrier
Carrier type term volume
650 10 - SUBJECT ADDED ENTRY--TOPICAL TERM
Topical term or geographic name entry element Pantoums. ; Malay poetry.
942 ## - ADDED ENTRY ELEMENTS (KOHA)
-- dc
Koha item type Book
Holdings
Withdrawn Not for loan Current library Shelving location Date acquired Total Checkouts Total Renewals Full call number Barcode Date last seen Date last checked out Koha item type
    Perpustakaan Alor Setar Pinjaman Dewasa 10/11/2013 1   899.231 SIT A01417016 16/06/2026 13/05/2026 Book
    Perpustakaan Awam Sungai Petani Pinjaman Dewasa 10/11/2013 7 4 899.231 SIT A01417018 19/11/2023 29/10/2023 Book
    Perpustakaan Baling Pinjaman Dewasa 10/11/2013     899.231 SIT A01417021 09/05/2018   Book
    Perpustakaan Baling Pinjaman Dewasa 10/11/2013 1   899.231 SIT A01417022 09/03/2026 15/02/2026 Book
    Perpustakaan Jitra Pinjaman Dewasa 10/11/2013     899.231 SIT A01417019 09/05/2018   Book
    Perpustakaan Kuala Kedah Pinjaman Dewasa 10/11/2013     899.231 SIT A01417017 09/05/2018   Book
    Perpustakaan Kulim Pinjaman Dewasa 10/11/2013     899.231 SIT A01417020 09/05/2018   Book